000
00289nam a2200109Ia 4500
008
200302s9999 xx 000 0 und d
100
_a
Abdul Wasay Najimi
245
_a
Heart the Islamic City A Study in Urban Conservation
260
_b
Curzon Press Ltd.
260
_c
1988
300
_a
175 P.,
999
_c
2349
_d
2349